Combinatorial group theory (Record no. 14635)

MARC details
000 -LEADER
fixed length control field 00659nam a2200217Ia 4500
003 - CONTROL NUMBER IDENTIFIER
control field IN-BaIIA
008 - FIXED-LENGTH DATA ELEMENTS--GENERAL INFORMATION
fixed length control field 211028s9999 xx 000 0 eng d
020 ## - INTERNATIONAL STANDARD BOOK NUMBER
International Standard Book Number 0-486-63281-4
040 ## - CATALOGING SOURCE
Transcribing agency IIA Library
080 ## - UNIVERSAL DECIMAL CLASSIFICATION NUMBER
Universal Decimal Classification number 519.4
Item number MAG
100 ## - MAIN ENTRY--PERSONAL NAME
Personal name Magnus, W
9 (RLIN) 26089
245 #0 - TITLE STATEMENT
Title Combinatorial group theory
Remainder of title presentations of groups in terms of generators and relations
Statement of responsibility, etc. W. Magnus, A. Karrass and D. Solitar
250 ## - EDITION STATEMENT
Edition statement 2nd rev. ed.
260 ## - PUBLICATION, DISTRIBUTION, ETC.
Place of publication, distribution, etc. New York
Name of publisher, distributor, etc. Dover Publications
Date of publication, distribution, etc. 1976
300 ## - PHYSICAL DESCRIPTION
Extent x, 444p.
650 ## - SUBJECT ADDED ENTRY--TOPICAL TERM
Topical term or geographic name entry element Calculus
9 (RLIN) 1611
650 ## - SUBJECT ADDED ENTRY--TOPICAL TERM
Topical term or geographic name entry element Nielsen Transformation
9 (RLIN) 26090
700 ## - ADDED ENTRY--PERSONAL NAME
Personal name Karrass, A
9 (RLIN) 26091
700 ## - ADDED ENTRY--PERSONAL NAME
Personal name Solitar, D
9 (RLIN) 26092
942 ## - ADDED ENTRY ELEMENTS (KOHA)
Koha item type Books
Holdings
Withdrawn status Lost status Damaged status Not for loan Home library Current library Shelving location Date acquired Source of acquisition Cost, normal purchase price Total Checkouts Full call number Barcode Date last seen Cost, replacement price Price effective from Koha item type Purchase Price
        IIA Library-Bangalore IIA Library-Bangalore General Stacks 16/05/2002 SBS 660.00   519.4/ MAG 15557 05/11/2021 660.00 16/05/2002 Books Rs. 660.00

Powered by Koha